000 00645nam a2200241Ia 4500
003 OSt
005 20221006142232.0
006 a|||||r|||| 00| 0
007 ta
008 221006b |||||||| |||| 00| 0 eng d
020 _c
_2.85
024 _a5,752
037 _cTextual
040 _aEASL
_cEASL
_beng
041 _2eng
_aeng
082 _aY35:342.N5, L1-;1
100 _aDORE R.P
245 0 _aCity life in Japan
_b A study of a Tokyo world
260 _aBerkeley
_bUniversity of California Press
_c1971
300 _a472p.
_ccm.
942 _hY35:342.N5, L1-;1
_cTEXL
_2CC
999 _c1073838
_d1073838